000 00924nam a22003137a 4500
001 BR7703913
003 BR-BrBNA
005 20230928085347.0
007 ta
008 230509b bl.||||| |||| 00| 0 por d
040 _aBR-BrBNA
_bpor
_cBiblioteca Nacional de Agricultura
041 _a(Por)
072 _aE70
_b9702
_b/G514
090 _ 9702 BR7703913
110 1 _aAlto Conselho Agricola, Sao Paulo, SP (Brasil)
_9109
111 1 _a5. Reuniao do Alto Conselho Agricola
_cSao Paulo, SP (Brazil)
_d18 Aug 1977
245 1 _aPrecos minimos - safra 77/78 - Abastecimento de carne bovina na entre-safra [Brasil]
260 3 _aSao Paulo, SP (Brasil):
_c1977.
300 _a139 p.
650 _aComercializacao
650 _aCarne
650 _aBovino
650 _aPreco minimo
650 _aSafra
650 _aAbastecimento
650 _aEntressafra
909 _a202309
_bLucia
_c55
_dLucia Elande
942 _cBK
999 _c24016
_d24016